000 00830nam a2200229Ia 4500
008 191130s2004##################000#0#eng##
020 _a9781843766537
022 _a2003064253
040 _aACL
_cACL
082 _a338.92609 SAG
100 _aSagasti, Francisco R
245 _aKnowledge and innovation for development : the Sisyphus challenge of the 21st century
_cFrancisco Sagasti
260 _aCheltenham, UK ; Northampton, Mass., USA
_bE. Elgar
_c2004
300 _axx, 151 p. : ill. ; 24 cm
500 _aIncludes bibliographical references (p. 133-147) and index
650 _aResearch - Developing countries
650 _aScience and state - Developing countries
650 _aTechnology and state - Developing countries
990 _aa49b16d1ac10000c0d5b0bc1cc25eb85
991 _a216047
999 _c226870
_d226870